| 000 | 01094nam a2200289Ia 4500 | ||
|---|---|---|---|
| 001 | Para_944 | ||
| 003 | CHAP | ||
| 008 | 220125s1995 xx 000 0 und d | ||
| 010 | _a199670 | ||
| 040 | _cCHAP | ||
| 090 | _aPA TESIS 909 | ||
| 100 |
_aCastañeda Vildózola, Alvaro _919945 |
||
| 245 |
_aSusceptibilidad de larvas neonatas del gusano del fruto del tomate de cáscara Heliothis subflexa (Gueneé) a tres bioinsecticidas comerciales a base de Bacillus thuringiensis (Berlinier) en condiciones de laboratorio en Chapingo, Méx. / _c por Alvaro Castañeda Vildózola |
||
| 260 |
_aChapingo, Méx. : _b El autor |
||
| 300 | _a67 h. | ||
| 502 | _aTesis (Ing. Agr. Esp. en Parasitología Agrícola) -- UACh. Depto. Parasitología | ||
| 650 |
_aHeliothis subflexa _953439 |
||
| 650 |
_aTomate verde _x plagas _9113827 |
||
| 710 |
_aUACh. Departamento Parasitología Agrícola _9164025 |
||
| 901 | _aPA TESIS 909 | ||
| 902 | _aA | ||
| 905 | _a0000001995 0000000000 00 | ||
| 910 | _a1995 | ||
| 942 | _cPARA | ||
| 942 |
_cPARA _d1 |
||
| 999 |
_c199670 _d199670 |
||